| 000 | 00615nam a2200193Ia 4500 | ||
|---|---|---|---|
| 001 | 5257 | ||
| 003 | GE_BSU | ||
| 008 | 181216s||||||||xx |||||||||||||| ||und|| | ||
| 040 | _cGE_BSU | ||
| 080 | _a51(072)+517(072) | ||
| 100 | _aБеденко, Н.К.; Денищева,Л.О. | ||
| 245 | _aУроки по алгебре и началам анализа (в средних профтехучилищах) | ||
| 260 | _aМосква | ||
| 260 | _bВысшая школа | ||
| 260 | _c1988 | ||
| 300 | _a239с. 20см. | ||
| 653 | _aУроки по алгебре и началам анализа | ||
| 942 | _cBK | ||
| 999 |
_c38847 _d38847 |
||